000 005380000a22001690004500
003 MACL
005 20170120170651.0
008 170120b xxu||||| |||| 00| 0 eng d
040 _aMACL
_cMACL
082 _a741.642
100 _aकिश्‍ाोर राम
_966646
245 _aलाल बहादुर शास्‍त्री
260 _aदिल्‍ली
_bसूर्योदय प्रकाशन
_c2010
350 _a100
650 _aचिल्ड्रन बुक
_9159
942 _cHIN
_k741.642
_2ddc
999 _c48834
_d48834